Оценка технологических параметров при энергетическом использовании угля Таловского месторождения Томской области; Известия Томского политехнического университета [Известия ТПУ]; Т. 319, № 4 : Энергетика

Dades bibliogràfiques
Parent link:Известия Томского политехнического университета [Известия ТПУ]/ Томский политехнический университет (ТПУ).— , 2000-
Т. 319, № 4 : Энергетика.— 2011.— [С. 45-50]
Autor principal: Казакова О. А. Оксана Александровна
Altres autors: Заворин А. С. Александр Сергеевич, Казаков А. В. Александр Владимирович
Sumari:Заглавие с титульного листа
Электронная версия печатной публикации
Выявлены закономерности преобразования компонентов минеральной части угля под действием факторов технологии сжигания на основе расчетной оценки параметров прогнозирования свойств минеральной части угля при его сжигании, полученной в итоге лабораторных исследований керновых проб, выработаны рекомендации по использованию таловского угля Томской области как топлива. Приведенные материалы представляют собой методическую базу для проектирования котельных агрегатов на таловском угле.
Idioma:rus
Publicat: 2011
Col·lecció:Энергетика
Matèries:
Accés en línia:http://www.lib.tpu.ru/fulltext/v/Bulletin_TPU/2011/v319/i4/10.pdf
Format: MixedMaterials Electrònic Capítol de llibre
KOHA link:https://koha.lib.tpu.ru/cgi-bin/koha/opac-detail.pl?biblionumber=205936

MARC

LEADER 00000nla2a2200000 4500
001 205936
005 20231031190553.0
035 |a (RuTPU)RU\TPU\book\224473 
035 |a RU\TPU\book\224447 
090 |a 205936 
100 |a 20111221d2011 k y0rusy50 ca 
101 0 |a rus 
102 |a RU 
135 |a drnn ---uucaa 
181 0 |a i  
182 0 |a b 
200 1 |a Оценка технологических параметров при энергетическом использовании угля Таловского месторождения Томской области  |b Электронный ресурс  |f О. А. Казакова, А. С. Заворин, А. В. Казаков 
203 |a Текст  |c электронный 
215 |a 1 файл (96 Кб) 
225 1 |a Энергетика 
230 |a Электронные текстовые данные (1 файл : 96 Кб) 
300 |a Заглавие с титульного листа 
300 |a Электронная версия печатной публикации 
320 |a [Библиогр.: с. 49-50 (15 назв.)] 
330 |a Выявлены закономерности преобразования компонентов минеральной части угля под действием факторов технологии сжигания на основе расчетной оценки параметров прогнозирования свойств минеральной части угля при его сжигании, полученной в итоге лабораторных исследований керновых проб, выработаны рекомендации по использованию таловского угля Томской области как топлива. Приведенные материалы представляют собой методическую базу для проектирования котельных агрегатов на таловском угле. 
337 |a Adobe Reader 
461 1 |0 (RuTPU)RU\TPU\book\176237  |t Известия Томского политехнического университета [Известия ТПУ]  |f Томский политехнический университет (ТПУ)  |d 2000- 
463 1 |0 (RuTPU)RU\TPU\book\224153  |x 1684-8519  |t Т. 319, № 4 : Энергетика  |v [С. 45-50]  |d 2011  |p 190 с. 
610 1 |a уголь 
610 1 |a минеральный состав 
610 1 |a зола 
610 1 |a сжигание 
610 1 |a шлакование 
610 1 |a отложения 
610 1 |a загрязнение 
610 1 |a коэффициент абразивности 
610 1 |a газы 
610 1 |a Таловское месторождение 
610 1 |a Томская область 
610 1 |a зольность 
610 1 |a труды учёных ТПУ 
610 1 |a электронный ресурс 
700 1 |a Казакова  |b О. А.  |c российский ученый, специалист в области теплоэнергетики  |c доцент Томского политехнического университета, кандидат технических наук  |f 1977-  |g Оксана Александровна  |2 stltpush  |3 (RuTPU)RU\TPU\pers\25670 
701 1 |a Заворин  |b А. С.  |c специалист в области теплотехники  |c профессор Томского политехнического университета, доктор технических наук  |f 1946-  |g Александр Сергеевич  |2 stltpush  |3 (RuTPU)RU\TPU\pers\25896 
701 1 |a Казаков  |b А. В.  |c специалист в области теплоэнергетики  |c доцент Томского политехнического университета, кандидат технических наук  |f 1976-  |g Александр Владимирович  |2 stltpush  |3 (RuTPU)RU\TPU\pers\25669 
801 1 |a RU  |b 63413507  |c 20090623  |g PSBO 
801 2 |a RU  |b 63413507  |c 20211229  |g PSBO 
856 4 |u http://www.lib.tpu.ru/fulltext/v/Bulletin_TPU/2011/v319/i4/10.pdf 
942 |c CF